000
00388nam a2200157Ia 4500
003
IQ-KOUCL
041
_a
Arabic
082
_a
928,1 cut-965 ا
100
_a
20260118u\\\\\\\\\\\y0engy0103\\\\ba
100
_a
نەوزاد عەلى ئەحمەد
245
0
_a
پشکۆیەک لە خۆڵە مێشدا
250
_a
ط1
260
_a
السوید
_c
2010
300
_a
560
942
_c
Bk
999
_c
186485
_d
186485